Nördlichster Landkreis in jedem Bundesland - Statistiken

Allgemein
  • Dieses Quiz wurde 50 mal gespielt
  • Das Durchschnittsergebnis liegt bei 10 aus 13
Antwortstatistiken
Bundesland Landkreis % Korrekt
Mecklenburg-Vorpommern Vorpommern-Rügen
93%
Hessen Kassel
91%
Schleswig-Holstein Nordfriesland
91%
Niedersachsen Cuxhaven
86%
Sachsen Nordsachsen
86%
Nordrhein-Westfalen Minden-Lübbecke
81%
Sachsen-Anhalt Stendal
81%
Brandenburg Uckermark
81%
Baden-Württemberg Main-Tauber
79%
Saarland St. Wendel
72%
Rheinland-Pfalz Altenkirchen (Westerwald)
70%
Bayern Rhön-Grabfeld
70%
Thüringen Nordhausen
67%
Keine übereinstimmenden Quizze gefunden
Verteilung der Resultate
Anzahl Personen mit jedem Resultat
Perzentil nach korrekt beantworteten Fragen
Ihre Resultats-Entwicklung
Sie haben dieses Quiz noch nicht gespielt